[Event "Robecchetto Autunn op 11th"]
[Site "Robecchetto"]
[Date "2014.10.16"]
[Round "2"]
[White "Puricelli, Giancarlo"]
[Black "Picierro, Giuliano"]
[Result "0-1"]
[WhiteElo "1692"]
[BlackElo "1572"]
[PlyCount "58"]
[EventDate "2014.10.09"]
[EventType "swiss"]
[EventRounds "7"]
[EventCountry "ITA"]
[SourceTitle "EXT 2016"]
[Source "ChessBase"]
[SourceDate "2015.10.08"]
[SourceVersion "1"]
[SourceVersionDate "2015.10.08"]
[SourceQuality "1"]

1. d4 e6 2. c4 d5 3. Nc3 c6 4. Nf3 f5 5. e3 Bd6 6. Be2 Nf6 7. Ne5 0-0 8. c5 Bc7 9. 0-0 Nbd7 10. f4 Qe7 11. Bf3 Nxe5 12. dxe5 Ne4 13. Bxe4 dxe4 14. b4 Rd8 15. Qc2 b6 16. Ne2 Ba6 17. Re1 Bd3 18. Qc3 a5 19. Nd4 axb4 20. Qb3 Rd5 21. Nxc6 Qxc5 22. Nxb4 Bc4 23. Qc3 Rd7 24. Nc2 b5 25. Nd4 Ba5 26. Nb3 Bxc3 27. Nxc5 Bxe1 28. Nxd7 Rd8 29. Bb2 Bd2 0-1